000 00644nam a2200217 i 4500
001 140329
003 ES-MaACL
005 20250717094524.0
007 t|
008 070214m19661972sp r ||||1| spa d
100 1 _aSchwalm, Horst.
_9104853
245 1 0 _aClínica obstétrico-ginecológica /
_cHorst Schwalm, Gustav Döderlein.
250 _a1ª. ed.
260 _aMadrid :
_bAlhambra,
_c1966-1972.
300 _a8 v., 37 lám. :
_bil. ;
_c26 cm.
650 7 _aObstetricia
_2embne
_915676
650 0 4 _aGinecología.
_913119
700 1 _aDöderlein, Gustav.
_944970
852 _aES-MaACL
_jP-1103
_bR.60544
999 _c140329
_d140329